Momenti e problemi di storia dell'estetica. tomo 3 /
Guardado en:
| Formato: | Libro |
|---|---|
| Publicado: |
Milano :
Ed. Carlo Marzorati,
1961
|
| Materias: | |
| Etiquetas: |
Agregar Etiqueta
Sin Etiquetas, Sea el primero en etiquetar este registro!
|
| LEADER | 00494nam a22001455a 4500 | ||
|---|---|---|---|
| 001 | EHU.bham006713 | ||
| 003 | AR-BHAM | ||
| 005 | 20090702142430.0 | ||
| 008 | 130507s1961##################000#0#####d | ||
| 082 | 8 | 0 | |a 801 |
| 245 | 0 | 0 | |a Momenti e problemi di storia dell'estetica. tomo 3 / |c . |
| 260 | |a Milano : |b Ed. Carlo Marzorati, |c 1961 | ||
| 653 | |a Literatura-teoria de la | ||
| 653 | |a Libro de escasa demanda | ||
| 859 | |a AR-BHAM |b BIB. HUMANIDADES - Lectura de escasa demanda |h 801 |i M739 |p 574.62 |t Ej.1 |v III LED1000 |3 III | ||
